| 000 | 00790nam a2200229Ia 4500 | ||
|---|---|---|---|
| 020 | _a9251050171 | ||
| 040 | _cOSU | ||
| 082 | _a333 FOO 2003 A089 Or. | ||
| 100 | 1 | _aCaddy, J. F | |
| 245 | 1 | 0 | _aEnhancing or restoring the productivity of natural populations of shellfish the other marine invertebrate resources / |
| 260 |
_aRome : _bFood and Agriculture Organization of the United Nations, _c2003 |
||
| 300 |
_avi, 159 p. : _bill. ; _c30 cm |
||
| 490 | 1 | _aFAO fisheries technical paper, | |
| 650 | 0 | _aSustainable fisheries | |
| 650 | 0 | _aShellfish fisheries | |
| 650 | 0 | _aShellfish populations | |
| 650 | 0 | _aFishery management | |
| 650 | 0 | _aAquatic resources conservation | |
| 700 | 1 | _aDefeo, D | |
| 710 | 2 | _aFood and Agriculture Organization of the United Nations | |
| 942 | _cEK | ||
| 999 |
_c16112 _d16112 |
||